ENCYCLOPEDIC DICTIONARY OF SPECIAL EDUCATION AND REHABILITATION TECHONOLOGY (Record no. 33604)

MARC details
000 -LEADER
fixed length control field 00344nam a22001337a 4500
003 - CONTROL NUMBER IDENTIFIER
control field SGT
020 ## - INTERNATIONAL STANDARD BOOK NUMBER
International Standard Book Number 9788179104835
082 ## - DEWEY DECIMAL CLASSIFICATION NUMBER
Classification number 371.9,GOE
100 ## - MAIN ENTRY--PERSONAL NAME
Personal name GOEL,SUSHIL KUMAR
245 ## - TITLE STATEMENT
Title ENCYCLOPEDIC DICTIONARY OF SPECIAL EDUCATION AND REHABILITATION TECHONOLOGY
260 ## - PUBLICATION, DISTRIBUTION, ETC. (IMPRINT)
Place of publication, distribution, etc JAIPUR
Name of publisher, distributor, etc AAVISHKAR PUB.
Year of Publication 2017
300 ## - PAGE DESCRIPTION
No. of Pages 291
942 ## - ADDED ENTRY ELEMENTS (KOHA)
Source of classification or shelving scheme Dewey Decimal Classification
Koha item type Books
Holdings
Withdrawn status Lost status Source of classification or shelving scheme Damaged status Use restrictions Not for loan Collection code Home library Current library Shelving location Date acquired Vendor Name Cost, normal purchase price Volume Information (Serial or Books or Non-Book Material) SGTU Bill Number Full call number Accession No. (Barcode) Date last seen Bill Date Koha item type
    Dewey Decimal Classification   Restricted Access Not For Loan EDUCATION SGT Engineering Library SGT Engineering Library Reference Book 27/01/2026 BRIJWASI BOOK DISTRIBUTORS 2500.00 VOLUME 1 SGTU IN/BW/000380 371.9,GOE ED5476 27/01/2026 20/12/2025 Books
    Dewey Decimal Classification   Restricted Access Not For Loan EDUCATION SGT Engineering Library SGT Engineering Library Reference Book 27/01/2026 BRIJWASI BOOK DISTRIBUTORS 2500.00 VOLUME 2 SGTU IN/BW/000380 371.9,GOE ED5477 27/01/2026 20/12/2025 Books